000 00915nam a22002777a 4500
001 9393
003 FISKH
005 20251218140616.0
008 251218b cb ||||| |||| 00| 0 eng d
020 _a9780141367286
040 _aFISKH
_beng
_cFISKH
_dFISKH
050 _aPZ7.R4829 D
082 _a813.6
100 _aRiordan, Rick
_eAuthor
245 _aDemigods & Magicians :
_bPercy and Annabeth meet the Kanes /
_cRick Riordan
260 _aLondon :
_bPenguin Random House Children's ,
_c2013
300 _a212 pages :
_billustrations ;
_c20 cm
505 _aR
520 _a"Magic, monsters, and mayhem abound when Percy Jackson and Annabeth Chase meet Carter and Sadie Kane for the first time in this short story collection"--
521 8 _a690
_bLexile
521 8 _aR
_bRaz-Plus
650 _aEgyptian
_vMythology
650 _aFantasy fiction
_vGods
942 _2ddc
_cBK
_n0
999 _c9393
_d9393